[Event "GER-ch Seniors 50"]
[Site "Hamburg"]
[Date "2018.07.27"]
[Round "7"]
[White "Luebeck, Stephan"]
[Black "Aunin, Ralf"]
[Result "1/2-1/2"]
[WhiteElo "1984"]
[BlackElo "1796"]
[PlyCount "54"]
[EventDate "2018.07.21"]
[EventType "swiss"]
[EventRounds "9"]
[EventCountry "GER"]
[SourceTitle "CBM 186 Extra"]
[Source "ChessBase"]
[SourceDate "2018.08.24"]
[SourceVersion "1"]
[SourceVersionDate "2018.08.24"]
[SourceQuality "1"]

1. g3 e6 2. Bg2 d5 3. d3 Nf6 4. Nc3 c6 5. e4 d4 6. Nce2 e5 7. f4 Bd6 8. Nf3 Qa5+ 9. Bd2 Qc7 10. 0-0 c5 11. h3 Nbd7 12. Nh4 g6 13. f5 b6 14. Bh6 Be7 15. Qd2 Bb7 16. Rf2 Qd6 17. Raf1 Bf8 18. Bxf8 Rxf8 19. g4 0-0-0 20. Ng3 Qe7 21. g5 Ne8 22. Bf3 h6 23. fxg6 Qxg5 24. Qxg5 hxg5 25. g7 Nxg7 26. Nhf5 Ne6 27. Nh5 Nf4 1/2-1/2

[Event "GER-ch Seniors 50"]
[Site "Hamburg"]
[Date "2018.07.26"]
[Round "6"]
[White "Aunin, Ralf"]
[Black "Bertram, Thomas"]
[Result "1-0"]
[WhiteElo "1796"]
[BlackElo "1671"]
[PlyCount "59"]
[EventDate "2018.07.21"]
[EventType "swiss"]
[EventRounds "9"]
[EventCountry "GER"]
[SourceTitle "CBM 186 Extra"]
[Source "ChessBase"]
[SourceDate "2018.08.24"]
[SourceVersion "1"]
[SourceVersionDate "2018.08.24"]
[SourceQuality "1"]

1. d4 Nf6 2. c4 c5 3. d5 b5 4. cxb5 a6 5. e3 axb5 6. Bxb5 g6 7. Nc3 Bg7 8. Nge2 0-0 9. 0-0 d6 10. Qc2 Bb7 11. e4 Na6 12. Bg5 Nd7 13. Bxd7 Qxd7 14. Qd2 Rfe8 15. a3 c4 16. Bh6 Bh8 17. Qg5 Nc5 18. f4 Bf6 19. Qg3 Nd3 20. Rab1 Ba6 21. h4 Kh8 22. Bg5 Bg7 23. f5 Be5 24. Qf3 Rab8 25. fxg6 f6 26. Qh5 e6 27. Bxf6+ Bxf6 28. Rxf6 Qa7+ 29. Kh2 Ne5 30. Rf7 1-0

[Event "GER Seniors Derby 16th"]
[Site "Wesel Undeloh"]
[Date "2017.03.19"]
[Round "7"]
[White "Aunin, Ralf"]
[Black "Fritsch, Juergen1111"]
[Result "0-1"]
[WhiteElo "1792"]
[BlackElo "1724"]
[PlyCount "106"]
[EventDate "2017.03.16"]
[EventType "swiss"]
[EventRounds "7"]
[EventCountry "GER"]
[SourceTitle "EXT 2019"]
[Source "ChessBase"]
[SourceDate "2018.10.10"]
[SourceVersion "1"]
[SourceVersionDate "2018.10.10"]
[SourceQuality "1"]

1. d4 d5 2. c4 c6 3. Nf3 Nf6 4. g3 dxc4 5. Bg2 Bf5 6. Ne5 Be6 7. Nc3 Nbd7 8. 0-0 Nxe5 9. dxe5 Nd5 10. Qc2 Qc7 11. Nxd5 cxd5 12. Bf4 g6 13. Rfd1 Qc6 14. Be3 Bg7 15. Bd4 0-0 16. Qd2 Rfd8 17. Rac1 Qa6 18. a3 b5 19. Qg5 Rd7 20. f4 Rf8 21. g4 f6 22. Qh4 f5 23. g5 Bf7 24. Rc3 Be6 25. Rh3 Kf7 26. Qg3 Rh8 27. Kf2 Qb7 28. Bf3 a5 29. Rg1 b4 30. Bh1 Qb5 31. Qe3 Rc7 32. Rc1 Rcc8 33. Rg3 h5 34. Bf3 Rc6 35. Bg2 Bd7 36. Qd2 e6 37. axb4 axb4 38. Bf1 Qb7 39. Ra1 Rb8 40. Ra7 Qc8 41. Qc1 Bf8 42. Qa1 Bc5 43. Bxc5 Rxc5 44. Qa4 Ke8 45. Qa1 Rcb5 46. Ra6 Qc5+ 47. e3 R5b6 48. Ra2 d4 49. Qc1 c3 50. exd4 Qxd4+ 51. Kg2 b3 52. Rxc3 bxa2 53. Bc4 Rxb2+ 0-1